000 00857nam a2200229Ia 4500
008 191130s2009##################000#0#eng##
020 _a9783631579817
022 _a2011291252
040 _aACL
_cACL
082 _a306.42 MEL
245 _aKnowledge-based economies : models and methods
_cWładysław Welfe (ed.)
260 _aBern ; New York
_bPeter Lang
_cc2009
300 _a216 p. : ill. ; 21 cm
500 _aTranslation of: Gospodarka oparta na wiedzy. Origianally published Lodz, Poland : Polskie Wydawnictwo Eckonomiczne, 2007. Includes bibliographical references and indexes
650 _aEconomic development
650 _aIntellectual capital - Economic aspects
650 _aMacroeconomics - Econometric models
700 _aWelfe, Władysław
990 _a8a9d7fc6ac10000c6c70f465c6fb5b20
991 _a199656
999 _c227099
_d227099